[Event "FICGS rapid B 000257 email"]
[Site "FICGS email"]
[Date "2018.01.12"]
[Round "1"]
[White "Farnik, Kym"]
[Black "Jeselson, Andrew"]
[Result "1-0"]
[WhiteElo "1830"]
[BlackElo "1814"]
[PlyCount "41"]
[EventDate "2018.??.??"]
[EventType "tourn (rapid)"]
[EventRounds "6"]
[SourceTitle "Corr 2022"]
[Source "ChessBase"]
[SourceDate "2021.10.24"]
[SourceVersion "1"]
[SourceVersionDate "2021.10.24"]
[SourceQuality "1"]

1. d4 Nf6 2. Nf3 g6 3. Bf4 Bg7 4. e3 0-0 5. Be2 d6 6. h3 Nc6 7. 0-0 Qe8 8. c4 e5 9. Bh2 Qe7 10. Nc3 h5 11. a3 e4 12. Ng5 Bf5 13. Bf4 Nh7 14. Nxh7 Kxh7 15. Bxh5 Nxd4 16. exd4 gxh5 17. Qxh5+ Kg8 18. Qxf5 Bxd4 19. Nd5 Qe6 20. Qg5+ Qg6 21. Ne7+ 1-0

[Event "FICGS rapid B 000257 email"]
[Site "FICGS email"]
[Date "2018.01.12"]
[Round "1"]
[White "Hilbert, Stephan"]
[Black "Jeselson, Andrew"]
[Result "1-0"]
[WhiteElo "1779"]
[BlackElo "1814"]
[PlyCount "55"]
[EventDate "2018.??.??"]
[EventType "tourn (rapid)"]
[EventRounds "6"]
[SourceTitle "Corr 2022"]
[Source "ChessBase"]
[SourceDate "2021.10.24"]
[SourceVersion "1"]
[SourceVersionDate "2021.10.24"]
[SourceQuality "1"]

1. b4 Nf6 2. Bb2 a5 3. b5 d6 4. e3 e5 5. c4 Be7 6. Nf3 0-0 7. Be2 Re8 8. 0-0 Bf8 9. d4 e4 10. Nfd2 c6 11. Nc3 d5 12. Rc1 Nbd7 13. Qb3 Nb6 14. c5 Nbd7 15. h3 Kh8 16. Rb1 Ng8 17. Qa4 Qc7 18. Nb3 f5 19. Bd1 Ndf6 20. b6 Qb8 21. Nxa5 f4 22. exf4 Qxf4 23. Bc1 Qf5 24. Be3 g5 25. Qb4 g4 26. h4 g3 27. fxg3 Qg6 28. Ne2 1-0